Public policy in India / Bidyut Chakrabarty and Prakash Chand Kandpal. (Record no. 21585)
| 000 -LEADER | |
|---|---|
| fixed length control field | 00603nam a22001817a 4500 |
| 020 ## - INTERNATIONAL STANDARD BOOK NUMBER | |
| ISBN | 9781032896250 |
| 082 ## - DEWEY DECIMAL CLASSIFICATION NUMBER | |
| Classification number | 320.60954 |
| Item number | C4355 2025 |
| 100 ## - MAIN ENTRY--AUTHOR NAME | |
| Personal name | Chakrabarty, Bidyut, author. |
| 245 ## - TITLE STATEMENT | |
| Title | Public policy in India / Bidyut Chakrabarty and Prakash Chand Kandpal. |
| 260 ## - PUBLICATION, DISTRIBUTION, ETC. (IMPRINT) | |
| Place of publication | Abingdon, Oxon : |
| Name of publisher | Routledge, |
| Year of publication | ©2025. |
| 300 ## - PHYSICAL DESCRIPTION | |
| Number of Pages | ix, 353 pages ; |
| Other physical details | 24 cm. |
| 500 ## - GENERAL NOTE | |
| General note | Includes bibliographical references and index. |
| 650 ## - SUBJECT ADDED ENTRY--TOPICAL TERM | |
| Topical Term | Public policy -- India. |
| 650 ## - SUBJECT ADDED ENTRY--TOPICAL TERM | |
| Topical Term | Public administration -- India. |
| 650 ## - SUBJECT ADDED ENTRY--TOPICAL TERM | |
| Topical Term | Government policy -- India. |
| 700 ## - ADDED ENTRY--PERSONAL NAME | |
| Personal name | Kandpal, Prakash Chand. |
| 942 ## - ADDED ENTRY ELEMENTS (KOHA) | |
| Koha item type | Books |
| Source of acquisition | Permanent Location | Date acquired | Koha item type | Collection code | Accession Number | Lost status | Shelving location | Withdrawn status | Current Location | Full call number |
|---|---|---|---|---|---|---|---|---|---|---|
| School | Cagayan State University - Carig Library | 2026-01-06 | Books | Social Sciences | 011301 | General Collection | Cagayan State University - Carig Library | 320.60954 C4355 2025 |